000 01076nam a22003017a 4500
001 5213
003 FISKH
005 20241212092224.0
008 241119b cb ||||| |||| 00| 0 eng d
020 _a9780531222065
040 _aFISKH
_beng
_cFISKH
_dFISKH
050 _aQC16.E5
082 _a530.092
100 _aVenezia, Mike
245 _aAlbert Einstein :
_buniversal genius /
_cby Mike Venezia
260 _aNew York :
_bScholastic ;
_c2009 .
300 _a32 pages :
_bcolor illustrations ;
_c25 cm .
490 _aGetting to Know the World's Greatest Inventors & Scientists
505 _aZ
520 _aPresents the life and accomplishments of the renowned physicist, discussing his theory of relativity and the ways in which it transformed the world's understanding about how the universe works.
521 8 _a910
_bLexile
521 8 _aZ
_bRaz-Plus
650 _aEinstein, Albert 1879-1955
_vjuvenile literature
650 _ainventors
_vnon-fiction
700 _aVenezia, Mike
_eillustrator
942 _2ddc
_cBK
_n0
999 _c5213
_d5213